| 000 | 00717nam a22002297a 4500 | ||
|---|---|---|---|
| 003 | OSt | ||
| 005 | 20251125095302.0 | ||
| 008 | 251125b |||||||| |||| 00| 0 eng d | ||
| 020 | _a 971-685-772-1. | ||
| 040 |
_aDWCL-Admin lib _cOC |
||
| 082 | _aFil. 400 G573l 2010 | ||
| 100 | _aGo, Mildred | ||
| 245 |
_aLanguage and literature assessment : _ba comprehensive guide / _cMildred Go |
||
| 260 |
_a Quezon City : _bLorimar Pub. Inc. , _cc2010 |
||
| 300 |
_a vii, 113 p. : _bill. ; _c26 cm. |
||
| 504 | _aIncludes bibliographical references | ||
| 650 | _a1. Language and languages | ||
| 650 | _a2. Language arts. | ||
| 650 | _a3. Literature | ||
| 700 | _aPosecion, Ofefia T. | ||
| 942 |
_2ddc _cBK - FIL _kFil. _n0 |
||
| 999 |
_c6189 _d6189 |
||